| 000 | 02742cam a22004335i 4500 | ||
|---|---|---|---|
| 999 |
_c528135 _d528135 |
||
| 001 | 21678030 | ||
| 005 | 20241113150610.0 | ||
| 006 | m |o d | | ||
| 007 | cr ||||||||||| | ||
| 008 | 180616s2019 gw |||| o |||| 0|eng | ||
| 010 | _a 2019745914 | ||
| 020 | _a9783319901015 | ||
| 024 | 7 |
_a10.1007/978-3-319-90101-5 _2doi |
|
| 035 | _a(DE-He213)978-3-319-90101-5 | ||
| 040 |
_aDLC _beng _epn _erda _cDLC |
||
| 072 | 7 |
_aJP _2bicssc |
|
| 072 | 7 |
_aJP _x1D _2thema |
|
| 072 | 7 |
_aPOL058000 _2bisacsh |
|
| 082 | 0 | 4 | _aB2 F955 |
| 100 | 1 |
_aZurnić, Marija. _eauthor. _948719 |
|
| 245 | 1 | 0 |
_aCorruption and Democratic Transition in Eastern Europe : _bThe Role of Political Scandals in Post-Milošević Serbia / _cby Marija Zurnić. |
| 250 | _a1st ed. 2019. | ||
| 260 |
_aLondon _bProfile Books _c2014 |
||
| 300 | _a1 online resource (XI, 262 pages 2 illustrations in color.) | ||
| 490 | 1 | _aPolitical Corruption and Governance | |
| 520 | _aThis book examines the relationship between corruption scandals and transitional processes in post-Milošević Serbia after 2000. The study challenges the view that corruption has always been understood as a conflict between private interests and the public good, as these concepts are defined in Western democracies, and explores how anti-corruption discourse has been used for political mobilisation. Through an examination of high-profile political scandals in Serbia, the author shows how the meaning of corruption changed over time. In the early 2000s, corruption focused on the legacy of Milošević's rule and was identified through the public's limited access to the privatisation process. By the end of the decade, conceptualisations of corruption in public debate were so diversified that each anti-corruption measure undertaken by the state was interpreted as an act of corruption by other voices in the discourse. The book will appeal to students and scholars interested in corruption studies, discourse analysis and Balkan politics. Marija Zurnić is an independent researcher in anti-corruption studies and discourse analysis in Southeast Europe. | ||
| 650 | 0 |
_aDemocracy. _948720 |
|
| 650 | 0 |
_aEurope-Politics and government. _948721 |
|
| 650 | 0 |
_aPolitical leadership. _948722 |
|
| 650 | 1 | 4 |
_aEuropean Politics. _948723 |
| 650 | 2 | 4 |
_aDemocracy. _948720 |
| 650 | 2 | 4 |
_aPolitical Leadership. _948724 |
| 776 | 0 | 8 |
_iPrint version: _tCorruption and democratic transition in Eastern Europe. _z9783319901008 _w(DLC) 2018942880 |
| 776 | 0 | 8 |
_iPrinted edition: _z9783030079345 |
| 776 | 0 | 8 |
_iPrinted edition: _z9783319901008 |
| 776 | 0 | 8 |
_iPrinted edition: _z9783319901022 |
| 830 | 0 |
_aPolitical Corruption and Governance _948725 |
|
| 906 |
_a0 _bibc _corigres _du _encip _f20 _gy-gencatlg |
||